[Event "World Senior Teams +65"]
[Site "Radebeul GER"]
[Date "2016.06.30"]
[Round "5.19"]
[Board "2"]
[White "Daly, Patrick"]
[Black "Jung, Werner"]
[Result "0-1"]
[WhiteElo "1912"]
[BlackElo "1973"]
[WhiteTeam "Ireland"]
[BlackTeam "Rochade MV"]
[WhiteFideId "2503131"]
[BlackFideId "24669458"]
[EventDate "2016.06.26"]

1. d4 f5 2. Bg5 g6 3. Nf3 Bg7 4. e3 Nf6 5. Bc4 d5 6. Bd3 O-O 7. Nbd2 c6 8. c3
Nbd7 9. Qc2 Qe8 10. Bxf6 Rxf6 11. h4 e5 12. dxe5 Nxe5 13. Nxe5 Qxe5 14. Nf3 Qe7
15. O-O-O b5 16. h5 Rf8 17. hxg6 hxg6 18. Nd4 Bd7 19. g4 c5 20. Nxb5 c4 21. Bxc4
dxc4 22. Nd6 Bc6 23. Rhg1 Rad8 24. Nxc4 Rxd1+ 25. Rxd1 Bf3 26. Rd6 Be4 27. Qb3
fxg4 28. Nd2+ Kh7 29. Re6 Qh4 30. Nxe4 g3 31. fxg3 Qh1+ 32. Kc2 Qg2+ 33. Kd3
Qf1+ 34. Kc2 Qe2+ 35. Nd2 Rd8 36. Qa4 Rxd2+ 37. Kb3 Rxb2+ 0-1

[Event "World Senior Teams +65"]
[Site "Radebeul GER"]
[Date "2016.06.30"]
[Round "5.19"]
[Board "3"]
[White "Krieg, Peter"]
[Black "Murray, Jim G."]
[Result "1/2-1/2"]
[WhiteElo "1908"]
[BlackElo "1834"]
[WhiteTeam "Rochade MV"]
[BlackTeam "Ireland"]
[WhiteFideId "24689394"]
[BlackFideId "2501490"]
[EventDate "2016.06.26"]

1. e4 e6 2. g3 d5 3. exd5 exd5 4. Bg2 Nf6 5. d4 c6 6. Ne2 Bf5 7. O-O Bd6 8. b3
O-O 9. c4 Be6 10. Qd3 Nbd7 11. Nbc3 Rc8 12. Bf4 Bb4 13. Rad1 Re8 14. Bg5 1/2-1/2

[Event "World Senior Teams +65"]
[Site "Radebeul GER"]
[Date "2016.06.30"]
[Round "5.19"]
[Board "4"]
[White "O'Leary, Matt"]
[Black "Schroeter, Reinhard"]
[Result "1/2-1/2"]
[WhiteElo "1862"]
[BlackElo "1801"]
[WhiteTeam "Ireland"]
[BlackTeam "Rochade MV"]
[WhiteFideId "2501970"]
[BlackFideId "12993530"]
[EventDate "2016.06.26"]

1. Nf3 d5 2. d4 Nf6 3. Nbd2 e6 4. c4 Be7 5. e3 O-O 6. Bd3 dxc4 7. Nxc4 Nbd7 8.
O-O c5 9. Qe2 cxd4 10. Nxd4 Nc5 11. Bc2 Bd7 12. Rd1 Qc7 13. Bd2 Rac8 14. Rac1
Qb8 15. e4 b5 16. Na3 Qe5 17. Bc3 Qh5 18. Qxh5 Nxh5 19. b4 Na6 20. Nf5 Bg5 21.
Bd2 exf5 22. Bxg5 Nxb4 23. Rxd7 Rxc2 24. Rxc2 Nxc2 25. exf5 h6 26. Be7 Rc8 27.
Rxa7 Nb4 28. g4 Rc1+ 29. Kg2 Nf4+ 30. Kf3 Nfd5 31. Bxb4 1/2-1/2

[Event "World Senior Teams +65"]
[Site "Radebeul GER"]
[Date "2016.06.30"]
[Round "5.20"]
[Board "1"]
[White "Rychlik, Kurt"]
[Black "Kristiansen, Erling"]
[Result "0-1"]
[BlackTitle "FM"]
[WhiteElo "2023"]
[BlackElo "2147"]
[WhiteTeam "Surprise"]
[BlackTeam "Norway Veteran"]
[WhiteFideId "4694120"]
[BlackFideId "1500244"]
[EventDate "2016.06.26"]

1. Nf3 Nf6 2. c4 c5 3. Nc3 d5 4. cxd5 Nxd5 5. g3 Nc6 6. Bg2 Nc7 7. O-O e5 8. d3
Be7 9. b3 O-O 10. Bb2 f6 11. Rc1 Be6 12. Nd2 Qd7 13. f4 exf4 14. Rxf4 Rad8 15.
Nce4 Nd5 16. Rf2 Ne3 17. Qe1 Nxg2 18. Rxg2 b6 19. Rf2 f5 20. Nc3 Bg5 21. Nd1 Nb4
22. a3 Nd5 23. e3 Nf6 24. Nf3 Bh6 25. Ne5 Qd5 26. Rc4 Ne4 27. Re2 Nd6 28. e4 Qb7
29. Rc1 Bxc1 30. Bxc1 fxe4 31. dxe4 Bxb3 32. Nc3 Nb5 33. Bb2 Nd4 34. Rf2 Qe7 35.
Nd3 Nf3+ 36. Rxf3 Rxf3 37. Nf4 Qe5 38. Kg2 Rxf4 39. gxf4 Qxf4 40. Nd5 Qg4+ 0-1

[Event "World Senior Teams +65"]
[Site "Radebeul GER"]
[Date "2016.06.30"]
[Round "5.20"]
[Board "2"]
[White "Ofstad, Per"]
[Black "Ophoff, Rigobert"]
[Result "1/2-1/2"]
[WhiteElo "2139"]
[BlackElo "1981"]
[WhiteTeam "Norway Veteran"]
[BlackTeam "Surprise"]
[WhiteFideId "1500708"]
[BlackFideId "4679750"]
[EventDate "2016.06.26"]

1. e4 c5 2. Nc3 Nc6 3. Nge2 g6 4. d4 cxd4 5. Nxd4 Bg7 6. Be3 d6 7. Be2 Nf6 8.
O-O O-O 9. h3 Bd7 10. Qd2 Nxd4 11. Bxd4 Bc6 12. Bf3 a6 13. Rad1 Rc8 14. Rfe1 Re8
15. Qe3 Nd7 16. Bxg7 Kxg7 17. Bg4 Rc7 18. Bxd7 Rxd7 1/2-1/2

[Event "World Senior Teams +65"]
[Site "Radebeul GER"]
[Date "2016.06.30"]
[Round "5.20"]
[Board "3"]
[White "Wittkugel, Friedhelm"]
[Black "Henrichsen, Erland"]
[Result "0-1"]
[WhiteElo "1993"]
[BlackElo "1943"]
[WhiteTeam "Surprise"]
[BlackTeam "Norway Veteran"]
[WhiteFideId "24606162"]
[BlackFideId "1512722"]
[EventDate "2016.06.26"]

1. d4 Nf6 2. Nf3 g6 3. c4 Bg7 4. Nc3 d5 5. e3 O-O 6. Bd3 Nc6 7. a3 dxc4 8. Bxc4
Bf5 9. O-O Ne4 10. Nh4 Nxc3 11. bxc3 Be4 12. Bb2 Na5 13. Ba2 Bd5 14. Qa4 Bxa2
15. Qxa5 Bc4 16. Rfe1 c6 17. Qb4 b5 18. Nf3 Qd6 19. Nd2 Bd3 20. Rac1 a5 21. Qb3
Rab8 22. Rcd1 Rfc8 23. Nf3 Bc4 24. Qc2 a4 25. Qd2 Bb3 26. Rc1 Rd8 27. Ng5 h6 28.
Ne4 Qd5 29. Ng3 Qg5 30. f4 Qd5 31. e4 Qd7 32. Qe3 h5 33. Qf2 Bh6 34. Re3 Bc4 35.
Rf3 e5 36. Ne2 Bxe2 37. Qxe2 Bxf4 38. Rcf1 Rf8 39. g3 Bg5 40. h4 Be7 41. Qf2 Qe6
42. Kg2 Rb7 43. Bc1 Bd8 44. Bh6 Re8 45. Bg5 exd4 46. Qxd4 Bxg5 47. hxg5 Qxe4 48.
Qf6 Qe6 49. Qd4 Rd7 50. Qf4 Qa2+ 51. R1f2 Qxa3 52. Rd3 Rde7 53. Re3 Qc5 0-1

[Event "World Senior Teams +65"]
[Site "Radebeul GER"]
[Date "2016.06.30"]
[Round "5.20"]
[Board "4"]
[White "Jenkins, Tom Ivar"]
[Black "Perk, Egbert"]
[Result "0-1"]
[WhiteElo "1873"]
[BlackElo "1949"]
[WhiteTeam "Norway Veteran"]
[BlackTeam "Surprise"]
[WhiteFideId "1509756"]
[BlackFideId "4645944"]
[EventDate "2016.06.26"]

1. d4 Nf6 2. c4 c6 3. Nc3 d5 4. cxd5 cxd5 5. Nf3 e6 6. a3 a6 7. Bg5 Be7 8. e3
Nbd7 9. Bd3 b6 10. O-O Bb7 11. Rc1 O-O 12. Ne5 g6 13. f4 Ne8 14. Bh6 Ng7 15. g4
f6 16. Nxd7 Qxd7 17. Bxg7 Kxg7 18. Bb1 b5 19. b4 a5 20. Qb3 axb4 21. axb4 e5 22.
f5 e4 23. Ne2 g5 24. h3 Ra4 25. Rc5 Bxc5 26. dxc5 Bc6 27. Nd4 Rb8 28. Kf2 Rc8
29. Rd1 Qe7 30. Nxc6 Rxc6 31. Qxd5 Rca6 32. c6 Rxb4 33. Qd7 Kf7 34. Qd5+ Kf8 35.
Rc1 Ra7 36. c7 Rxc7 37. Qa8+ Kg7 38. Rxc7 Qxc7 39. Ba2 0-1

[Event "World Senior Teams +65"]
[Site "Radebeul GER"]
[Date "2016.06.30"]
[Round "5.21"]
[Board "1"]
[White "Palmo, Pentti"]
[Black "Ewart, Brian R"]
[Result "1-0"]
[WhiteElo "1995"]
[BlackElo "1909"]
[WhiteTeam "Turku"]
[BlackTeam "England 3"]
[WhiteFideId "501905"]
[BlackFideId "415065"]
[EventDate "2016.06.26"]

1. e4 c5 2. Nf3 Nc6 3. Bb5 g6 4. O-O Bg7 5. Re1 e6 6. Bxc6 bxc6 7. e5 d6 8. exd6
Qxd6 9. Nc3 Nf6 10. d3 O-O 11. Be3 Ng4 12. Qe2 Nxe3 13. Qxe3 Rb8 14. Ne4 Qe7 15.
Rab1 Rxb2 16. Rxb2 Bxb2 17. Qxc5 Ba3 18. Qxe7 Bxe7 19. Rb1 Ba6 20. Rb3 f5 21.
Neg5 Rf6 22. Ne5 c5 23. Nd7 Kg7 24. Nxf6 Bxf6 25. Nxe6+ Kf7 26. Nxc5 Bc8 27. Rb8 1-0

[Event "World Senior Teams +65"]
[Site "Radebeul GER"]
[Date "2016.06.30"]
[Round "5.21"]
[Board "2"]
[White "Phillips, William"]
[Black "Alkkiomaki, Jyrki"]
[Result "1/2-1/2"]
[WhiteElo "1852"]
[BlackElo "1973"]
[WhiteTeam "England 3"]
[BlackTeam "Turku"]
[WhiteFideId "414344"]
[BlackFideId "506893"]
[EventDate "2016.06.26"]

1. d4 d5 2. Nf3 Nf6 3. c4 e6 4. Nc3 c5 5. cxd5 exd5 6. g3 Nc6 7. Bg2 Be7 8. O-O
O-O 9. Bg5 cxd4 10. Nxd4 h6 11. Be3 Re8 12. Qa4 Bd7 13. Rfd1 Na5 14. Qc2 Nc4 15.
Nxd5 Nxd5 16. Bxd5 Nxe3 17. fxe3 Qb6 18. Qc4 Rf8 19. Rac1 Bg5 20. Rc3 Rac8 21.
Qd3 Qxb2 22. Rb3 Qxa2 23. Bxb7 Rce8 24. Ra3 Qb2 25. Rb3 1/2-1/2

[Event "World Senior Teams +65"]
[Site "Radebeul GER"]
[Date "2016.06.30"]
[Round "5.21"]
[Board "3"]
[White "Rantanen, Veikko"]
[Black "Scowen, Roger S"]
[Result "1/2-1/2"]
[WhiteElo "1966"]
[BlackElo "1849"]
[WhiteTeam "Turku"]
[BlackTeam "England 3"]
[WhiteFideId "506770"]
[BlackFideId "418293"]
[EventDate "2016.06.26"]

1. e4 c6 2. d4 d5 3. Nc3 dxe4 4. Nxe4 Bf5 5. Ng3 Bg6 6. Nf3 Nf6 7. h4 h6 8. h5
Bh7 9. Bd3 Bxd3 10. Qxd3 e6 11. Bd2 Nbd7 12. O-O-O c5 13. Kb1 cxd4 14. Nxd4 Qb6
15. Be3 a6 16. Rhe1 O-O-O 17. Nb3 Qc7 18. Qd4 b6 19. Qa4 Kb7 20. Rd3 Nd5 21.
Red1 Qc6 22. Qxc6+ Kxc6 23. a3 Nxe3 24. fxe3 Be7 25. Nd4+ Kb7 26. Nxe6 fxe6 27.
Rxd7+ Kc8 28. Rxd8+ Rxd8 29. Rxd8+ Kxd8 30. Kc1 Bh4 31. Ne4 Ke7 32. Kd2 Kf7 33.
Kd3 Be7 34. b4 a5 35. bxa5 bxa5 36. a4 g6 37. hxg6+ Kxg6 38. c4 Kf5 39. c5 Ke5
40. g4 Kd5 41. c6 Bd8 42. Nc3+ Kxc6 43. Kc4 Bg5 44. e4 Bd2 45. Nb5 Be3 46. Nd4+
Kd6 47. Nf3 Kc6 48. Kd3 Bf2 49. Kc4 Be3 50. Ne5+ Kd6 51. Nf3 Kc6 1/2-1/2

[Event "World Senior Teams +65"]
[Site "Radebeul GER"]
[Date "2016.06.30"]
[Round "5.21"]
[Board "4"]
[White "Emerton, Keith"]
[Black "Lehtosaari, Kalevi"]
[Result "1/2-1/2"]
[WhiteElo "1789"]
[BlackElo "1953"]
[WhiteTeam "England 3"]
[BlackTeam "Turku"]
[WhiteFideId "447072"]
[BlackFideId "501174"]
[EventDate "2016.06.26"]

1. Nf3 d5 2. g3 Nf6 3. Bg2 d4 4. d3 c5 5. O-O Nc6 6. e4 e5 7. a4 Bd6 8. Nbd2 Bg4
9. h3 Bh5 10. Nc4 Bc7 11. Bg5 h6 12. Bd2 a5 13. g4 Bg6 14. Nh2 Nd7 15. f4 exf4
16. Bxf4 Nde5 17. Nxe5 Nxe5 18. Nf3 Nxf3+ 19. Qxf3 O-O 20. Qg3 Bxf4 21. Rxf4 Rb8
22. b3 b5 23. axb5 Rxb5 24. Rff1 f6 25. Ra3 Qb6 26. Rfa1 Ra8 27. e5 Ra7 28. exf6
Qxf6 29. Bd5+ Bf7 30. Bc4 Bxc4 31. dxc4 Rbb7 32. Rxa5 Rxa5 33. Rxa5 Rf7 34. Qg2
d3 35. Ra8+ Kh7 36. cxd3 Qd4+ 37. Kh1 Qxd3 38. Ra2 Rf3 39. Kh2 Qd6+ 40. Kh1 Rxb3
41. Qc2+ Qd3 42. Qxd3+ Rxd3 43. Ra5 Rxh3+ 44. Kg2 Rc3 45. Rxc5 Kg6 46. Kf2 Kf6
47. Kg2 g6 48. Kf2 Ra3 49. Kg2 Ra6 50. Kg3 Re6 51. Kf4 Ra6 52. g5+ hxg5+ 53.
Rxg5 Rc6 54. c5 Ra6 55. Rd5 Ra4+ 56. Ke3 g5 57. Kf3 Rc4 58. Kg3 Kg6 59. Kh3 Kh5
60. Kg3 Rc3+ 61. Kg2 Kh4 62. Rd2 Rxc5 63. Kh2 g4 64. Kg2 Rc4 65. Kh2 Rc3 66. Kg2
Rf3 67. Rd8 Rf5 68. Rh8+ Kg5 69. Rg8+ Kf4 70. Re8 Rf6 71. Re7 Rf5 72. Re8 Kg5
73. Rg8+ Kh4 74. Rh8+ Rh5 75. Rg8 Re5 76. Rh8+ Kg5 77. Rg8+ Kf4 78. Rf8+ Rf5 79.
Rg8 Re5 80. Rf8+ Rf5 81. Rg8 1/2-1/2

[Event "World Senior Teams +65"]
[Site "Radebeul GER"]
[Date "2016.06.30"]
[Round "5.22"]
[Board "2"]
[White "Ehlert, Joachim"]
[Black "Chaabani, Abdelkader"]
[Result "1-0"]
[WhiteElo "2007"]
[BlackElo "1728"]
[WhiteTeam "Stiftung BSW / DBAG III"]
[BlackTeam "Tunisia"]
[WhiteFideId "4698363"]
[BlackFideId "5501989"]
[EventDate "2016.06.26"]

1. e4 e6 2. d4 d5 3. Nd2 Nf6 4. e5 Nfd7 5. Bd3 c5 6. c3 Nc6 7. Ne2 Qb6 8. Nf3
cxd4 9. cxd4 Bb4+ 10. Bd2 O-O 11. O-O Bxd2 12. Qxd2 Rd8 13. a3 Nf8 14. b4 Bd7
15. Nc3 Ne7 16. b5 Qa5 17. Nxd5 Qxd2 18. Nxe7+ Kh8 19. Nxd2 Re8 20. Rac1 Rxe7
21. Rc7 Bxb5 22. Rxe7 Bxd3 23. Rc1 1-0

[Event "World Senior Teams +65"]
[Site "Radebeul GER"]
[Date "2016.06.30"]
[Round "5.22"]
[Board "3"]
[White "Aroua, Ahmed"]
[Black "Francke, Dirk"]
[Result "0-1"]
[WhiteElo "1516"]
[BlackElo "1952"]
[WhiteTeam "Tunisia"]
[BlackTeam "Stiftung BSW / DBAG III"]
[WhiteFideId "5502497"]
[BlackFideId "12975320"]
[EventDate "2016.06.26"]

1. e4 c5 2. Nf3 Nc6 3. d4 cxd4 4. Nxd4 d6 5. Bc4 Nf6 6. Nc3 g6 7. f3 Qb6 8. Nb3
Bg7 9. Bg5 h6 10. Bf4 Na5 11. Bb5+ Bd7 12. Be2 a6 13. Qd2 Rc8 14. Be3 Qc7 15.
O-O Nc4 16. Bxc4 Qxc4 17. Rad1 b5 18. a3 Be6 19. Bb6 Qc6 20. Ba5 Nd7 21. Kh1 O-O
22. Nd4 Qb7 23. Nce2 Bc4 24. Bc3 Nc5 25. Rfe1 Na4 26. h3 Rc7 27. Ba5 Bxe2 28.
Qxe2 Nxb2 29. Bxc7 Nxd1 30. Bxd6 Nf2+ 31. Qxf2 exd6 32. f4 Qb6 33. c3 Rc8 34.
Qd2 Qa5 35. e5 dxe5 36. fxe5 Qxc3 37. Qf2 Qxa3 38. e6 Qe7 39. Rf1 fxe6 0-1

[Event "World Senior Teams +65"]
[Site "Radebeul GER"]
[Date "2016.06.30"]
[Round "5.23"]
[Board "1"]
[White "Taksrud, Vidar"]
[Black "Sandklef, Ake"]
[Result "1-0"]
[WhiteElo "1979"]
[BlackElo "1917"]
[WhiteTeam "Norway 3"]
[BlackTeam "Sweden 3"]
[WhiteFideId "1502158"]
[BlackFideId "1708724"]
[EventDate "2016.06.26"]

1. d4 d5 2. Nf3 Nf6 3. c4 c6 4. Nc3 dxc4 5. e3 b5 6. a4 b4 7. Na2 e6 8. Bxc4
Nbd7 9. O-O Be7 10. Bd2 a5 11. Qe2 Qb6 12. Rfd1 Ba6 13. Bxa6 Qxa6 14. Qxa6 Rxa6
15. Rac1 O-O 16. b3 c5 17. Rc2 Ne4 18. Be1 cxd4 19. exd4 Ndf6 20. Ne5 Nd5 21. f3
Ne3 22. Rc6 Rxc6 23. Nxc6 Bg5 24. Rd3 Nf6 25. Nxa5 Nfd5 26. g3 Be7 27. Nc6 Bd6
28. Naxb4 Rc8 29. Nxd5 Nxd5 30. Ne5 Rc1 31. Kf2 Rc2+ 32. Rd2 Rc1 33. Nd3 Rb1 34.
Rb2 Rd1 35. Ke2 Ra1 36. a5 Ba3 37. Rc2 h6 38. b4 Rb1 39. a6 Nxb4 40. Nxb4 Bxb4
41. Bxb4 Rxb4 42. a7 Ra4 43. Rc8+ 1-0

[Event "World Senior Teams +65"]
[Site "Radebeul GER"]
[Date "2016.06.30"]
[Round "5.23"]
[Board "2"]
[White "Nyberg, Bo"]
[Black "Nordby, Bernt"]
[Result "0-1"]
[WhiteElo "1899"]
[BlackElo "2017"]
[WhiteTeam "Sweden 3"]
[BlackTeam "Norway 3"]
[WhiteFideId "1710583"]
[BlackFideId "1500694"]
[EventDate "2016.06.26"]

1. d4 Nf6 2. Bf4 g6 3. e3 Bg7 4. Nf3 O-O 5. c3 b6 6. Nbd2 Bb7 7. Bd3 c5 8. O-O
d6 9. h3 Re8 10. Bb5 Bc6 11. Bxc6 Nxc6 12. dxc5 bxc5 13. e4 Rb8 14. Qc2 Qb6 15.
Rab1 Qa6 16. a3 c4 17. Rfe1 e5 18. Bg5 Nd7 19. Nf1 h6 20. Be3 Nf6 21. Rbd1 Red8
22. Bc1 Na5 23. Ne3 Nb3 24. Nd2 Nxc1 25. Rxc1 Rbc8 26. Ndf1 d5 27. exd5 Nxd5 28.
Rcd1 Nf4 29. Rxd8+ Rxd8 30. Qe4 Rc8 31. Nd2 f5 32. Qc2 Nd3 33. Rb1 e4 34. Nd5
Qe6 35. Ne3 f4 36. Nef1 e3 37. fxe3 fxe3 38. Nxc4 Qxc4 39. Nxe3 Qe4 40. Qd2 Re8
41. Nf1 Nf4 42. Rd1 Ne2+ 43. Kh1 Rf8 44. Ne3 Rf2 45. Qd5+ Qxd5 46. Rxd5 Nf4 47.
Rd8+ Kh7 48. Rd7 Rxb2 49. Rxa7 h5 50. c4 Re2 51. Nd5 Nxd5 52. cxd5 Rd2 53. Rd7
Kh6 54. g4 hxg4 55. hxg4 Be5 56. a4 Kg5 57. a5 Kxg4 58. Kg1 Kf3 59. Rf7+ Bf4 0-1

[Event "World Senior Teams +65"]
[Site "Radebeul GER"]
[Date "2016.06.30"]
[Round "5.23"]
[Board "3"]
[White "Zakariassen, Tom"]
[Black "Forslund, Lennart"]
[Result "0-1"]
[WhiteElo "1797"]
[BlackElo "1856"]
[WhiteTeam "Norway 3"]
[BlackTeam "Sweden 3"]
[WhiteFideId "1513753"]
[BlackFideId "1720473"]
[EventDate "2016.06.26"]

1. f4 e6 2. Nf3 d5 3. e3 Nf6 4. d4 Be7 5. Bd3 O-O 6. O-O c5 7. c3 b6 8. Nbd2 Ba6
9. Qe2 Bxd3 10. Qxd3 Nbd7 11. Ne5 Qc7 12. h3 Qb7 13. Nxd7 Qxd7 14. b3 Qb7 15.
Bb2 Rfd8 16. g4 Ne4 17. Nxe4 dxe4 18. Qe2 f5 19. g5 g6 20. h4 Rac8 21. Rac1 cxd4
22. cxd4 b5 23. Rxc8 Rxc8 24. Rc1 Rxc1+ 25. Bxc1 Qc6 26. Bb2 Kf7 27. Qd2 a6 28.
Qc3 Qxc3 29. Bxc3 Ba3 30. Kf2 Bd6 31. Ke2 Ke7 32. Kd2 Kd7 33. Kc2 Kc6 34. b4 Kd5
35. Kb3 Bxf4 36. exf4 e3 37. Kc2 Ke4 38. a3 Kxf4 39. Kd3 Kf3 40. Be1 f4 41. Bc3
Kf2 42. Ke4 f3 43. Kf4 Ke2 0-1

[Event "World Senior Teams +65"]
[Site "Radebeul GER"]
[Date "2016.06.30"]
[Round "5.23"]
[Board "4"]
[White "Norevall, Ulf"]
[Black "Tveten, Per"]
[Result "1-0"]
[WhiteElo "1749"]
[BlackElo "1537"]
[WhiteTeam "Sweden 3"]
[BlackTeam "Norway 3"]
[WhiteFideId "1705555"]
[BlackFideId "1516701"]
[EventDate "2016.06.26"]

1. d4 d5 2. c4 c6 3. e3 Nf6 4. Nf3 Bf5 5. Nc3 e6 6. h3 h6 7. cxd5 cxd5 8. Qa4+
Qd7 9. Bb5 Nc6 10. Ne5 Qc7 11. Nxc6 bxc6 12. Bxc6+ Nd7 13. Bxa8 Be7 14. Bc6 O-O
15. Bxd7 Rb8 16. a3 Bd3 17. Bb5 Bf5 18. Qd1 Qa5 19. Bd3 Bb4 20. Bxf5 Bxc3+ 21.
bxc3 exf5 22. O-O Qxc3 23. Bd2 Qd3 24. Bb4 Qe4 25. Qf3 Qe6 26. Bc5 Rb7 27. Rfb1
Rd7 28. Rb8+ Kh7 29. Rab1 Qc6 30. Qxf5+ g6 31. Qe5 f6 32. Qe8 1-0

[Event "World Senior Teams +65"]
[Site "Radebeul GER"]
[Date "2016.06.30"]
[Round "5.24"]
[Board "1"]
[White "Niebuhr, Gerd"]
[Black "Ritter, Fred"]
[Result "1/2-1/2"]
[WhiteElo "1931"]
[BlackElo "1844"]
[WhiteTeam "Freibauer Niedersachsen"]
[BlackTeam "BSV Chemie Radebeul"]
[WhiteFideId "24616443"]
[BlackFideId "12975427"]
[EventDate "2016.06.26"]

1. d4 Nf6 2. c4 e6 3. Nf3 d5 4. Nc3 c6 5. e3 Bd6 6. Bd3 Nbd7 7. O-O a6 8. e4
dxe4 9. Nxe4 Nxe4 10. Bxe4 Nf6 11. Bc2 b5 12. b3 Bb7 13. Re1 Bb4 14. Bd2 Bxd2
15. Qxd2 Qc7 16. Rad1 O-O-O 17. Ne5 c5 18. Qe3 Rxd4 19. Rxd4 cxd4 20. Qxd4 Rd8
21. Qe3 b4 22. Rd1 Rxd1+ 23. Bxd1 Ne4 24. Bf3 1/2-1/2

[Event "World Senior Teams +65"]
[Site "Radebeul GER"]
[Date "2016.06.30"]
[Round "5.24"]
[Board "3"]
[White "Hellwege, Werner"]
[Black "Fitzner, Hans"]
[Result "1-0"]
[WhiteElo "1895"]
[BlackElo "1356"]
[WhiteTeam "Freibauer Niedersachsen"]
[BlackTeam "BSV Chemie Radebeul"]
[WhiteFideId "4661460"]
[BlackFideId "12998575"]
[EventDate "2016.06.26"]

1. d4 Nf6 2. Nf3 d5 3. g3 c6 4. Bg2 Bg4 5. O-O Nbd7 6. c4 e6 7. cxd5 cxd5 8. Qa4
Be7 9. Nc3 O-O 10. Bf4 Nb6 11. Qb3 Bd6 12. Ne5 Rc8 13. Rfe1 Qe7 14. Nb5 Bb8 15.
Nxg4 Nxg4 16. Bxb8 Rxb8 17. Nxa7 Qd6 18. Nb5 Qd8 19. e4 dxe4 20. Bxe4 Nf6 21.
Bg2 Re8 22. Rac1 Nbd5 23. Nc3 Qa5 24. Ne4 Qa7 25. Nxf6+ Nxf6 26. Red1 g6 27. a3
h5 28. Qe3 Qb6 29. b4 Kg7 30. Qe5 Qd8 31. Rc7 b6 32. Bc6 Re7 33. Rxe7 Qxe7 34.
d5 Kh6 35. Qxb8 e5 36. h4 Kg7 37. d6 Qe6 38. d7 Qxc6 39. d8=Q Ng4 40. Qh8# 1-0

[Event "World Senior Teams +65"]
[Site "Radebeul GER"]
[Date "2016.06.30"]
[Round "5.25"]
[Board "1"]
[White "Lomer, Edmund"]
[Black "Hilbig, Klaus"]
[Result "1-0"]
[WhiteElo "2043"]
[BlackElo "1680"]
[WhiteTeam "Randbauern"]
[BlackTeam "Dresdner Seniorenklub"]
[WhiteFideId "4664884"]
[BlackFideId "4653378"]
[EventDate "2016.06.26"]

1. Nf3 Nf6 2. g3 g6 3. Bg2 Bg7 4. d4 d6 5. O-O O-O 6. c4 Nbd7 7. Nc3 c6 8. Qc2
e5 9. Rd1 Re8 10. dxe5 Nxe5 11. Nxe5 Rxe5 12. Bf4 Rc5 13. Rxd6 Qe7 14. Rad1 Bf5
15. e4 Be6 16. b3 Ng4 17. Qd2 b5 18. h3 Ne5 19. Be3 Nxc4 20. bxc4 Rxc4 21. Rd8+
Rxd8 22. Qxd8+ Qf8 23. Qxf8+ Kxf8 24. Ne2 Ke7 25. Bxa7 Ra4 26. Bc5+ Ke8 27. a3
Bb3 28. Rd6 Ra6 29. e5 Bxe5 30. Bxc6+ Ke7 31. Rd3+ Kf6 32. Bxb5 Ra5 33. Rxb3 1-0

[Event "World Senior Teams +65"]
[Site "Radebeul GER"]
[Date "2016.06.30"]
[Round "5.25"]
[Board "3"]
[White "Wenske, Hardy"]
[Black "Gafke, Manfred"]
[Result "1-0"]
[WhiteElo "1823"]
[BlackElo "1816"]
[WhiteTeam "Randbauern"]
[BlackTeam "Dresdner Seniorenklub"]
[WhiteFideId "24611212"]
[BlackFideId "24602493"]
[EventDate "2016.06.26"]

1. Nf3 Nf6 2. d4 d5 3. e3 Bg4 4. h3 Bxf3 5. Qxf3 e6 6. Nd2 Nbd7 7. e4 dxe4 8.
Nxe4 Be7 9. c3 c6 10. Bd3 O-O 11. O-O e5 12. Nxf6+ Bxf6 13. Qe4 g6 14. Be3 exd4
15. Bxd4 Re8 16. Qf3 Bxd4 17. cxd4 Qf6 18. Qxf6 Nxf6 19. Bc4 Rad8 20. Rfe1 Rxd4
21. Rxe8+ Nxe8 22. Bb3 Rd2 23. Re1 Kf8 24. Rd1 Rxd1+ 25. Bxd1 Ke7 26. h4 h6 27.
g4 f6 28. Kg2 Kd6 29. Kg3 Ke5 30. f4+ Kd4 31. g5 hxg5 32. fxg5 c5 33. Ba4 Nd6
34. Kf4 f5 35. h5 b5 36. Bxb5 gxh5 37. g6 Ne4 38. g7 Nf6 39. Kxf5 Ng8 40. Kg5
Ke5 41. Bc4 h4 42. Kxh4 Kf6 43. Bxg8 Kxg7 44. Bc4 Kf6 45. Kg4 Ke5 46. a4 a5 47.
Kg5 Kd4 48. b3 Ke5 49. Kg6 Kd6 50. Kf6 Kc7 51. Ke5 1-0

[Event "World Senior Teams +65"]
[Site "Radebeul GER"]
[Date "2016.06.30"]
[Round "5.25"]
[Board "4"]
[White "Neffe, Guenther"]
[Black "Geibel, Henning"]
[Result "1/2-1/2"]
[WhiteElo "1606"]
[BlackElo "1444"]
[WhiteTeam "Dresdner Seniorenklub"]
[BlackTeam "Randbauern"]
[WhiteFideId "12903388"]
[BlackFideId "4618238"]
[EventDate "2016.06.26"]

1. Nf3 e6 2. c4 d5 3. cxd5 exd5 4. g3 Nf6 5. Bg2 Bc5 6. d4 Be7 7. h3 O-O 8. b3
c6 9. Bb2 Ne4 10. Nfd2 Nxd2 11. Qxd2 Na6 12. a3 Bg5 13. e3 Bf6 14. Nc3 Qb6 15.
b4 Be6 16. Na4 Qc7 17. Rc1 b5 18. Nc5 Nxc5 19. Rxc5 a5 20. O-O axb4 21. axb4 Ra4
22. Rcc1 Be7 23. Bc3 Qc8 24. Kh2 Qd7 25. Ra1 Rfa8 26. Qb2 Bd6 27. Rxa4 Rxa4 28.
Ra1 Rxa1 29. Qxa1 h5 30. Qd1 h4 31. Qf3 hxg3+ 32. fxg3 Qe7 33. e4 Bxb4 34. e5
Bxc3 35. Qxc3 Bd7 1/2-1/2

[Event "World Senior Teams +65"]
[Site "Radebeul GER"]
[Date "2016.07.01"]
[Round "6.1"]
[Board "1"]
[White "Rooze, Jan"]
[Black "Sveshnikov, Evgeny"]
[Result "1/2-1/2"]
[WhiteTitle "IM"]
[BlackTitle "GM"]
[WhiteElo "2322"]
[BlackElo "2509"]
[WhiteTeam "Belgium 1"]
[BlackTeam "Russia 65+"]
[WhiteFideId "200050"]
[BlackFideId "4100638"]
[EventDate "2016.06.26"]

1. e4 c5 2. Nf3 Nc6 3. Bb5 e6 4. Bxc6 bxc6 5. d3 Ne7 6. Bd2 d5 7. c4 Ng6 8. O-O
Be7 9. Re1 O-O 10. Nc3 d4 11. Ne2 Bd6 1/2-1/2

[Event "World Senior Teams +65"]
[Site "Radebeul GER"]
[Date "2016.07.01"]
[Round "6.1"]
[Board "2"]
[White "Vasiukov, Evgeni"]
[Black "Van Herck, Marcel"]
[Result "1-0"]
[WhiteTitle "GM"]
[WhiteElo "2403"]
[BlackElo "2155"]
[WhiteTeam "Russia 65+"]
[BlackTeam "Belgium 1"]
[WhiteFideId "4100522"]
[BlackFideId "200344"]
[EventDate "2016.06.26"]

1. e4 c5 2. a3 g6 3. b4 Bg7 4. c3 b6 5. d4 d5 6. e5 Bf5 7. Nd2 cxd4 8. cxd4 h5
9. Bb2 Nh6 10. Qa4+ Bd7 11. Qb3 O-O 12. Ngf3 Bg4 13. h3 Bxf3 14. Nxf3 e6 15. Rc1
Nf5 16. g4 hxg4 17. hxg4 Ne7 18. Ng5 Qd7 19. Rh8+ 1-0